zpět

Detail výsledku týmu

Bridge Bar, Týn nad Vltavou

Datum a čas kvízu

42 Celkem bodů Celkový počet nahraných bodů na tomto kvízu bez doplňovacích otázek.
1. Pořadí na kvízu Konečné umístění týmu na tomto kvízu.

Zaznamenané odpovědi

# Otázka Odpověď Body Výsledky
1. Který muž byl jmenován do funk... A 1
2. Parlament kterého tichomořskéh... A 1
3. V neděli večer jsme se ve velk... Vavřinec Hradilek, Tomáš Slavík 1
4. Ministr spravedlnosti Jeroným... B) 3 lety 1
5. Minulý týden bylo oznámeno, pr... o Kosovo 0
6. Vítězné téma facebookového hla... 36 týmů 1
7. Ve kterých třech jazycích je s... angličtina, francouzština, němčina 0.5
8. Pokud budeme počítat i předchů... C 0
9. Ve finále v roce 2012 zaznamen... Petr Čech 1
10. Historicky nejlepšími střelci... Karim Benzema 1